Engineeing Thermodynamics / (Record no. 146341)
[ view plain ]
| 000 -LEADER | |
|---|---|
| fixed length control field | 00677nam a22002177a 4500 |
| 005 - DATE AND TIME OF LATEST TRANSACTION | |
| control field | 20171009163516.0 |
| 010 ## - LCCN (DPL NO) | |
| LC control number | ENG-120767 |
| 020 ## - INTERNATIONAL STANDARD BOOK NUMBER | |
| International Standard Book Number | 9789352606429 |
| Terms of availability | 495.00 |
| 020 ## - INTERNATIONAL STANDARD BOOK NUMBER | |
| International Standard Book Number | 9352606426 |
| Terms of availability | 495.00 |
| 035 ## - SYSTEM CONTROL NUMBER | |
| System control number | EN-104299 |
| 037 ## - SOURCE OF ACQUISITION | |
| Source of stock number/acquisition | DBAD/PUB |
| 082 ## - DEWEY DECIMAL CLASSIFICATION NUMBER | |
| Classification number | 621.4021 |
| 100 ## - MAIN ENTRY--PERSONAL NAME | |
| Personal name | Nag,P.K. |
| 245 ## - TITLE STATEMENT | |
| Title | Engineeing Thermodynamics / |
| Statement of responsibility, etc | by P.k.Nag |
| 250 ## - EDITION STATEMENT | |
| Edition statement | 6th |
| 260 ## - PUBLICATION, DISTRIBUTION, ETC. (IMPRINT) | |
| Place of publication, distribution, etc | Noida |
| Name of publisher, distributor, etc | McGraw Hill education |
| Date of publication, distribution, etc | 2018 |
| 270 ## - ADDRESS | |
| Address | B-4, Sector-63,Dist. Gautam Budh Nagar |
| City | Noida,(UP) |
| Postal code | 201301 |
| 300 ## - PHYSICAL DESCRIPTION | |
| Extent | xxxiii,973p. |
| Dimensions | 23cm(pbk) |
| Other physical details | ill(Psychrometic Charts) |
| 500 ## - GENERAL NOTE | |
| General note | Includes bibliographical references and index |
| 942 ## - ADDED ENTRY ELEMENTS (KOHA) | |
| Source of classification or shelving scheme | Dewey Decimal Classification |
| Item type | English Books |
| Classification part | 621.4021 |
| Call number suffix | NAG |
| Withdrawn status | Lost status | Not for loan | Collection code | Home library | Current library | Date acquired | Source of acquisition | Cost, normal purchase price | Full call number | Barcode | Copy number | Cost, replacement price | Koha item type |
|---|---|---|---|---|---|---|---|---|---|---|---|---|---|
| Not For Loan | Non-fiction | D.B.Act.Division | Bawana | 09/10/2017 | DBAD/PUB | 495.00 | 621.4021 NAG | EN-104299 | 1 | 495.00 | English Books |
